000 01082nam a22003017i 4500
003 EG-GICUC
005 20260206214655.0
008 260206s1965 fr ||||fr|||| 000 0 fre d
040 _aEG-GiCUC
_bfre
_cEG-GiCUC
_dEG-GiCUC
_eRda
082 0 4 _221
_a341.851
_bDE . A
092 0 4 _221
099 _aLaw1 12 341.851 DE . A 1965
100 1 _aDevichi, Jacqueline Rubellin
_eAuteur
245 1 3 _aL'arbitrage :
_bNature Juridique Droit Interne Et Droit International Privé /
_cJacqueline Rubellin Devichi ; J. Vincent.
_n
264 1 _aparis :
_bLibrairie Générale De Droit Et De Jurisprudence R. Pichon Et R. Durand-auzias,
_c1965.
300 _a412page :
_billustration ;
_c 24 cm.
336 _2rda contenu
_a texte
337 _2rda medias
_aOrdinateur
338 _2 transporteur rda
_a Ressource en ligne
504 _a
546 _aTexte en français
650 1 4 _aDroit international privé
_2
651 1 _2
700 1 _aVincent, J
_ePréfacier
856 4 0 _uhttps://fll.law.cu.edu.eg/fulltext/bks/B12-02642.pdf
905 _a50
942 _2ddc
_cBK
_e21
_n0
999 _c61437
_d61437